<?xml version="1.0" encoding="UTF-8"?><?xml-stylesheet type="text/xsl" href="static/style.xsl"?><OAI-PMH xmlns="http://www.openarchives.org/OAI/2.0/" xmlns:xsi="http://www.w3.org/2001/XMLSchema-instance" xsi:schemaLocation="http://www.openarchives.org/OAI/2.0/ http://www.openarchives.org/OAI/2.0/OAI-PMH.xsd"><responseDate>2026-04-18T02:25:40Z</responseDate><request verb="GetRecord" identifier="oai:riubu.ubu.es:10259/10514" metadataPrefix="marc">https://riubu.ubu.es/oai/request</request><GetRecord><record><header><identifier>oai:riubu.ubu.es:10259/10514</identifier><datestamp>2025-06-05T00:05:56Z</datestamp><setSpec>com_10259_4839</setSpec><setSpec>com_10259_5086</setSpec><setSpec>com_10259_2604</setSpec><setSpec>com_10259_7354</setSpec><setSpec>com_10259_7353</setSpec><setSpec>col_10259_6836</setSpec><setSpec>col_10259_7389</setSpec></header><metadata><record xmlns="http://www.loc.gov/MARC21/slim" xmlns:doc="http://www.lyncode.com/xoai" xmlns:xsi="http://www.w3.org/2001/XMLSchema-instance" xmlns:dcterms="http://purl.org/dc/terms/" xsi:schemaLocation="http://www.loc.gov/MARC21/slim http://www.loc.gov/standards/marcxml/schema/MARC21slim.xsd">
<leader>00925njm 22002777a 4500</leader>
<datafield tag="042" ind1=" " ind2=" ">
<subfield code="a">dc</subfield>
</datafield>
<datafield tag="720" ind1=" " ind2=" ">
<subfield code="a">Lezcano Barbero, Fernando</subfield>
<subfield code="e">author</subfield>
</datafield>
<datafield tag="260" ind1=" " ind2=" ">
<subfield code="c">2025-05</subfield>
</datafield>
<datafield tag="520" ind1=" " ind2=" ">
<subfield code="a">"Mi escuela en el mundo" es el resultado de un trabajo colaborativo en el que participa alumnado de todos los niveles educativos, investigadores de diferentes países y especialistas de diversos campos profesionales.&#xd;
&#xd;
Esta obra incluye 39 fotografías vinculadas a la educación. Las imágenes están presentadas por las alumnas y los alumnos del Grado de Pedagogía que las buscaron. Después esta propuesta del alumnado sirve de inspiración a especialistas de distintos campos (educación, periodismo, fotografía...).&#xd;
&#xd;
También contiene 39 dibujos realizados por niñas y niños de centros educativos de Burgos (España) y de una escuela de Uganda. Los dibujos se han llevado a cabo partiendo de frases relativas a la educación.&#xd;
&#xd;
Todas las fotografías y los dibujos cuentan con una descripción escrita. La lectura oral de los textos (descripciones y opiniones de los especialistas) ha sido realizada y grabada por estudiantes de distintos niveles (desde educación infantil hasta doctorado), incluyendo centros de educación especial, personas adultas y población inmigrante.&#xd;
&#xd;
En su conjunto, el libro responde a las directrices del Diseño Universal para el Aprendizaje (DUA).&#xd;
&#xd;
"Mi escuela en el mundo" promueve una reflexión sobre la educación y su importancia en un mundo tan diverso como el nuestro. No busca la comparación entre escuelas o países con más o menos recursos, sino que quien lo lea valore y aprecie a la educación como una potente herramienta para el desarrollo en cualquier contexto.&#xd;
&#xd;
Finalmente, se propone a las lectoras y lectores su participación activa en el proyecto.</subfield>
</datafield>
<datafield tag="024" ind2=" " ind1="8">
<subfield code="a">979-13-87585-07-5</subfield>
</datafield>
<datafield tag="024" ind2=" " ind1="8">
<subfield code="a">http://hdl.handle.net/10259/10514</subfield>
</datafield>
<datafield tag="024" ind2=" " ind1="8">
<subfield code="a">10.36443/9791387585075</subfield>
</datafield>
<datafield ind1=" " ind2=" " tag="653">
<subfield code="a">Educación</subfield>
</datafield>
<datafield ind1=" " ind2=" " tag="653">
<subfield code="a">Valoración de la escuela</subfield>
</datafield>
<datafield ind1=" " ind2=" " tag="653">
<subfield code="a">Participación social</subfield>
</datafield>
<datafield ind1=" " ind2=" " tag="653">
<subfield code="a">Tipo de escuelas</subfield>
</datafield>
<datafield tag="245" ind1="0" ind2="0">
<subfield code="a">Mi escuela en el mundo</subfield>
</datafield>
</record></metadata></record></GetRecord></OAI-PMH>